Flaggen der Bundesstaaten des Deutschen Reiches - Statistiken

Allgemein
  • Dieses Quiz wurde 23 mal gespielt
  • Das Durchschnittsergebnis liegt bei 6 aus 25
Antwortstatistiken
Bildquiz Antwort % Korrekt
Hamburg
100%
Preußen
87%
Bayern
73%
Sachsen
67%
Bremen
33%
Mecklenburg-Schwerin | Mecklenburg-Strelitz
27%
Baden
20%
Elsaß–Lothringen
20%
Lippe
20%
Württemberg
20%
Braunschweig
13%
Oldenburg
13%
Sachsen-Weimar-Eisenach
13%
Schwarzburg-Rudolstadt
13%
Waldeck und Pyrmont
13%
Anhalt
7%
Hessen
7%
Sachsen-Altenburg
7%
Sachsen-Coburg-Gotha
7%
Sachsen-Meiningen
7%
Lübeck
0%
Reuß-Gera
0%
Reuß-Greiz
0%
Schaumburg-Lippe
0%
Schwarzburg-Sondershausen
0%
Keine übereinstimmenden Quizze gefunden
Verteilung der Resultate
Anzahl Personen mit jedem Resultat
Perzentil nach korrekt beantworteten Fragen
Ihre Resultats-Entwicklung
Sie haben dieses Quiz noch nicht gespielt